| 000 | 00547nam a2200169 i 4500 | ||
|---|---|---|---|
| 001 | 63405 | ||
| 003 | ES-MaACL | ||
| 007 | t| | ||
| 008 | 031210s1975 sp ||||1| spa d | ||
| 100 | 1 |
_aFerreiro, Celso Emilio, _d1912-1979 _950391 |
|
| 245 | 1 | 0 |
_aDonde el mundo se llama Celanova _b: = Onde o mundo chamase Celanova / _cCelso Emilio Ferreiro. |
| 260 |
_aMadrid : _bEd. Nacional, _c[1975] |
||
| 300 |
_a183 p. ; _c18 cm. |
||
| 740 | 0 | _aOnde o mundo chamase Celanova. | |
| 852 |
_aES-MaACL _jE-7432 _bR.91951 |
||
| 999 |
_c63405 _d63405 |
||